00968cam a2200277 i 45000010009000000050017000090080041000260100017000670200046000840400028001300420008001580500025001660820020001912450087002112600030002983000045003285040051003736500044004246500044004686500046005126500031005586500029005897000020006187000015006387000037006531745187720170105102344.0120904t20132013flua b 001 0 eng  a 2012026685 a9781439899137 (hardback : acidfree paper) aDLCbengcDLCerdadDLC apcc00aTK5102.5b.G733 201300a621.382028622300aGreen communications and networking c F. Richard Yu, Xi Zhang, Victor C.M. Leung. aNew YorkbCRC Pressc2013 axix, 379 pages :billustrations ;c25 cm aIncludes bibliographical references and index. 0aTelecommunicationxEnergy conservation. 0aComputer networksxEnergy conservation. 0aTelecommunicationxEnvironmental aspects. 0aGreenhouse gas mitigation. 0aSustainable engineering.1 aYu, F. Richard.1 aZhang, Xi.1 aLeung, Victor Chung Ming,d1955-